00866naa a2200193 i 4500001000400000003000400004005001700008008003900025040000800064080001000072100015300082245007700235260001000312500002200322650003600344655003000380711013200410773013000542BPPBPK20160525121936.0141112s1982 pl f |100 0 pol cBPK a631.3 aCHMIELEWSKI, Tadeusz.d1980 - 1986.bWyższa Szkoła Inżynierska w Koszalinie - Instytut Budowy Maszyn,cZakład Maszyn i Urządzeń Rolniczych aZjawisko udaru w uprawowych maszynach rolniczych /cTadeusz Chmielewski. c1982. aDane z kartoteki. 0aMaszyny i narzędzia rolnicze. 0aMateriały konferencyjne. aProblemy budowy oraz eksploatacji maszyn i urządzeń rolniczych : Krajowe Sympozjumn(2 ;d1982.09.23-24 ;cPłock, Polska). iW :tProblemy budowy oraz eksploatacji maszyn i urządzeń rolniczych : referaty i komunikaty. -dPłock, 1982. -gs. 47-50